书目信息 |
| 题名: |
儿童舞蹈基训20课
|
|
| 作者: | 李振文 著 | |
| 分册: | ||
| 出版信息: | 上海 上海音乐出版社 1998 |
|
| 页数: | 241页 | |
| 开本: | 20cm | |
| 丛书名: | ||
| 单 册: | ||
| 中图分类: | J722.3 | |
| 科图分类: | ||
| 主题词: | 儿童--舞蹈--中国 | |
| 电子资源: | ||
| ISBN: | 7-80553-238-9 | |
| 000 | 00550nam0 2200193 45 | |
| 001 | 0304160962 | |
| 005 | 20041208105813.4 | |
| 010 | @a7-80553-238-9@dCNY10.50 | |
| 100 | @a20030416d1998 km y0chiy0120 ea | |
| 101 | 0 | @achi |
| 105 | @aa z 000yy | |
| 200 | 1 | @a儿童舞蹈基训20课@AEr Tong Wu Dao Ji Xun 20 Ke@f李振文著@FLi Zhen Wen Zhu |
| 210 | @a上海@c上海音乐出版社@d1998 | |
| 215 | @a241页@c插图@d20cm | |
| 606 | 0 | @a儿童@x舞蹈@x中国 |
| 690 | @aJ722.3@v4 | |
| 701 | 0 | @a李振文@4著 |
| 801 | @aCN@bTSTC@c20030416 | |
| 905 | @b322852-856@dJ722.3@e43@f5 | |
| 儿童舞蹈基训20课/李振文著.-上海:上海音乐出版社,1998 |
| 241页:插图;20cm |
| ISBN 7-80553-238-9:CNY10.50 |
| ● |
| 相关链接 |
|
|
|
|
正题名:儿童舞蹈基训20课
索取号:J722.3/43
 
预约/预借
| 序号 | 登录号 | 条形码 | 馆藏地/架位号 | 状态 | 备注 |
| 1 | 0322852 | 203228523 | 第一借阅区/ [索取号:J722.3/43] | 在馆 | |
| 2 | 0322853 | 203228532 | 第一借阅区/ [索取号:J722.3/43] | 在馆 | |
| 3 | 0322854 | 203228541 | 第一借阅区/ [索取号:J722.3/43] | 在馆 | |
| 4 | 0322855 | 203228550 | 第一借阅区/ [索取号:J722.3/43] | 在馆 | |
| 5 | 0322856 | 203228569 | 第一样本阅览室/ [索取号:J722.3/43] | 在馆 |